Analysis & Design of (Record no. 3530)

MARC details
000 -LEADER
fixed length control field 00370nam a22001697a 4500
005 - DATE AND TIME OF LATEST TRANSACTION
control field 20160622114342.0
008 - FIXED-LENGTH DATA ELEMENTS--GENERAL INFORMATION
fixed length control field 160622b xxu||||| |||| 00| 0 eng d
020 ## - INTERNATIONAL STANDARD BOOK NUMBER
ISBN 0-07-100606-0
041 ## - LANGUAGE CODE
Language code of text/sound track or separate title eng
082 ## - DEWEY DECIMAL CLASSIFICATION NUMBER
Item number 8986
100 ## - MAIN ENTRY--AUTHOR NAME
Personal name Senn, James A
245 ## - TITLE STATEMENT
Title Analysis & Design of
260 ## - PUBLICATION, DISTRIBUTION, ETC. (IMPRINT)
Name of publisher TMH
300 ## - PHYSICAL DESCRIPTION
Number of Pages 843
650 ## - SUBJECT ADDED ENTRY--TOPICAL TERM
Topical Term Management
942 ## - ADDED ENTRY ELEMENTS (KOHA)
Koha item type Books
Holdings
Lost status Damaged status Collection code Home library Current library Shelving location Date acquired Source of acquisition Full call number Accession Number Koha item type
    CS/IT JRU Library JRU Library SHELF-49-E 22/06/2016 PURCHASE 004 8986 Books